Theory of machines (Record no. 24731)

MARC details
000 -LEADER
fixed length control field 00252nam a2200109Ia 4500
082 ## - DEWEY DECIMAL CLASSIFICATION NUMBER
Classification number 621
Item number KHU
100 ## - MAIN ENTRY--AUTHOR NAME
Personal name Khurmi, R S
245 #0 - TITLE STATEMENT
Title Theory of machines
260 ## - PUBLICATION, DISTRIBUTION, ETC. (IMPRINT)
Place of publication Delhi
Name of publisher Eurasia
Year of publication 1976
942 ## - ADDED ENTRY ELEMENTS (KOHA)
Koha item type Books
Holdings
Withdrawn status Lost status Damaged status Not for loan Home library Current library Date acquired Cost, normal purchase price Full call number Accession Number Koha item type
        RRII Library RRII Library 16/12/2021 25.00 621 KHU 05403 Books